| 000 | 00436nam a2200181Ia 4500 | ||
|---|---|---|---|
| 001 | 4187 | ||
| 005 | 20260306145737.0 | ||
| 008 | 260306t1992||||xx |||||||||||||| ||spa|| | ||
| 041 | _aESP | ||
| 082 |
_a320 _bM64 |
||
| 100 |
_aMiró Quesada Cantuarias, Francisco _eAUT |
||
| 245 | 0 | _aHombre, sociedad y política | |
| 260 | _c1992 | ||
| 300 |
_a358 páginas : _c20 cm. |
||
| 650 | _aGEN | ||
| 654 | _aCDE | ||
| 942 |
_cLIB _dJUS _fJUS _2ddc _n |
||
| 999 |
_c4187 _d4187 |
||